Statistiken für Geschichte nach Buchstabe - Y

Klicken Sie hier um das Quiz zu spielen!

Allgemein

  • Dieses Quiz wurde 880 mal gespielt
  • Das Durchschnittsergebnis liegt bei 7 aus 14

Antwortstatistiken

HinweisAntwort% Korrekt
Vorname des Modeschöpfers Saint LaurentYves
84%
Stritt sich mit dem Haus Lancaster um die englische KroneYork
82%
Abwertender Begriff für die Bewohner Neuenglands,
heute allgemein für Amerikaner gebraucht
Yankee
80%
Ältester Nationalpark der WeltYellowstone
78%
1864 von Präsident Lincoln zu einem kalifornischen Nationalpark erhobenYosemite
66%
Halbinsel, die vor ca. 65 Millionen Jahren von einem Asteroid getroffen wurdeYucatán
63%
Hart umkämpfte belgische Stadt im 1. WeltkriegYpern
51%
Ort eines kühlen Goldrausches in den 1890ernYukon
49%
Offizieller Name der burmesischen Stadt RangunYangon
31%
Mongolische Dynastie, die über China herrschteYuan
25%
Kommandant der japanischen Flotte im 2. WeltkriegYamamoto Isoroku
19%
Er durchbrach die SchallmauerChuck Yeager
13%
Ursprünglicher Name der Stadt San Francisco{Yerba} Buena
13%
Anderer Name für die kantonesische SpracheYue
11%

Verteilung der Resultate

Perzentil nach korrekt beantworteten Fragen

Anzahl Personen mit jedem Resultat

Ihre Resultats-Entwicklung

Sie haben dieses Quiz noch nicht gespielt